000 00759na a2200229 4500
001 21064
003 MIRAKIL
005 20181213155031.0
008 170131b tu 000 0
040 _aMilas
_btur
_cTR-AnCHP
041 _atur
082 _a657
_bK61k 2015
090 _a657 K61k 2015
100 _aKocamış, Tuğçe Uzun
245 _aKobi TFRS' ye göre dönem sonu işlemleri muhasebesi
_bKobi TFRS'nin finansal tablolara etkilerinin ölçülmesine yönelik bir araştırma
_cTuğçe Uzun Kocamış
260 _aAnkara
_bVergi Müfettişleri Derneği
_c2015
300 _a300 s.
_btbl.
_c23 sm.
504 _aKaynakça var.
650 _aKüçük işletmeler
_xMuhasebe
710 _aVergi Müfettişleri Derneği
942 _2dcc
_cBKS
999 _c5257
_d5257